All EIHL playoff winners - Statistics

General Stats
  • This quiz has been taken 71 times
  • The average score is 15 of 17
Answer Stats
Year Winner % Correct
2016 Nottingham Panthers
94%
2013 Nottingham Panthers
94%
2012 Nottingham Panthers
94%
2011 Nottingham Panthers
94%
2007 Nottingham Panthers
94%
2017 Sheffield Steelers
94%
2014 Sheffield Steelers
94%
2009 Sheffield Steelers
94%
2008 Sheffield Steelers
94%
2004 Sheffield Steelers
94%
2022 Cardiff Devils
88%
2019 Cardiff Devils
88%
2018 Cardiff Devils
88%
2010 Belfast Giants
85%
2015 Coventry Blaze
79%
2005 Coventry Blaze
79%
2006 Newcastle Vipers
24%
No matching quizzes found
Score Distribution
Percent of People with Each Score
Percentile by Number Answered
Your Score History
You have not taken this quiz